000 00820nam a22002777a 4500
001 BR9501743
003 BR-BrBNA
005 20230928094432.0
007 ta
008 230509b bl.||||| |||| 00| 0 por d
040 _aBR-BrBNA
_bpor
_cBiblioteca Nacional de Agricultura
041 _a(Por)
072 _aF01
_b1000
090 _ 1000 BR9501743
100 1 _aPassos, O.S.
100 1 _aCunha Sobrinho, A.P. da
110 1 _aCentro Nacional de Pesquisa de Mandioca e Fruticultura Tropical, Cruz das Almas, BA (Brasil)
245 1 _aCitrolino - um campeao de producao: manual do bom agricultor
260 3 _aCruz das Almas, BA (Brasil):
_c1991.
300 _a13 p.
500 _a62 illus.
650 _aFruta Citrica
650 _aPratica Cultural
909 _a202309
_bLucia
_c55
_dLucia Elande
942 _cBK
999 _c50715
_d50715